| 000 | 00957nam a22001457a 4500 | ||
|---|---|---|---|
| 999 |
_c526015 _d526015 |
||
| 008 | 240503b ||||| |||| 00| 0 eng d | ||
| 100 |
_aVerma, Manisha _952161 |
||
| 245 | _aLeveraging technology for: Transforming healthcare | ||
| 260 | _aYojana | ||
| 300 | _a67(5), May, 2023: p.27-33 | ||
| 520 | _aDigital health captures a wide spectrum of technology-supported and operated health innovations and solutions. It aims to provide healthcare services and interventions in an increasingly technologically sophisticated world. Advancements in digital applications have led to greater use of technology in the provisioning of healthcare services to a larger cohort of the population. In recent times, the interment of medical things (LoMT) has combined medical devices and applications connecting to health IT systems that use diverse networking technologies. – Reproduced | ||
| 773 | _aYojana | ||
| 906 | _aSCIENCE AND TECHNOLOGY | ||
| 942 | _cAR | ||